000 00605nam a2200241Ia 4500
001 41782
005 20240114003437.0
007 ta
008 080508s1905 g b000 u 465 u
020 _a81-7331-076-9
040 _aCottonCollege,Assam
041 _a465
082 _a954.1
_bG 129 H
100 _aGait, Edward .
245 0 _aA History of Assam /
_cEdward Gait.
_hTextual Documents
250 _aIst /
260 _aGuwahati :
_bLBS Publicatons ,
_c1905.
300 _a377P ;
_c20cm.
653 _aAssam History
942 _2ddc
_cBK
999 _c41749
_d41749